| 000 | 00739nam a22002177a 4500 | ||
|---|---|---|---|
| 005 | 20081022120657.0 | ||
| 008 | 081022t xxu||||| |||| 00| 0 eng d | ||
| 010 | _aENG-84309 | ||
| 020 | _a0195684303 | ||
| 020 | _c195.00 (pbk) | ||
| 035 | _aEN-67842 | ||
| 082 | _a330.954 | ||
| 100 | _aRoy, Tirthankar | ||
| 245 |
_aThe Economic history of India : _b1857-1947 / _cby Tirthankar Roy |
||
| 260 |
_aNew Delhi _bOxford University Press |
||
| 260 | _c2006 | ||
| 300 |
_axv,385p _c22cm |
||
| 500 | _aIncludes index | ||
| 942 |
_2ddc _cEN _h330.954 _mROY |
||
| 999 |
_c17647 _d17647 |
||